| 000 | 00368nam a22001217a 4500 | ||
|---|---|---|---|
| 999 |
_c10186 _d10186 |
||
| 003 | OSt | ||
| 008 | 201218b ||||| |||| 00| 0 eng d | ||
| 245 | _aComputer Engineering and Technology | ||
| 250 | _a2017(Jul-Dec Vol.5 No.2) 2018(Jul-Dec Vol.6 No.2) | ||
| 260 |
_aNew Delhi _bAcademic Research Journals |
||
| 650 | _aMaster of Computer Applications | ||
| 942 |
_2ddc _cBV |
||